000 00937nam a22002417a 4500
001 BD-DhSAU 603
003 BD-DhSAU
005 20150105193035.0
008 150105b2006 ii a|||| |||| 001 0deng d
020 _a8122417817
040 _cBD-DhSAU
082 _222
_a632.95
_bJOB
100 _aJoshi, S. R.
245 _aBiopesticides :
_ba biotechnological approach /
_cS. R. Joshi
260 _aNew Delhi :
_bNew Age International (P) Limited, Publishers ;
_cc2006.
300 _axiv, 103 p. :
_bill. ;
_c24 cm.
504 _aIncludes bibliographical references & index.
590 _aJerin
650 _aPlant Pathology
650 _aBiopesticides
650 _aBiotechnology
856 _uhttps://books.google.com.bd/books?id=3AynSN6uMAoC&pg=PA12&dq=Biopesticides+:+a+biotechnological+approach&hl=en&sa=X&ei=D2uqVOufM8OCuwT4yIKIDA&ved=0CBsQ6AEwAA#v=onepage&q=Biopesticides%20%3A%20a%20biotechnological%20approach&f=false
942 _2ddc
_cBOOK
999 _c603
_d603